00357nam a2200109 a 4500008004100000050001500041100002000056245005300076246007000129260003900199350000900238120416s2003 ||||||||||||||||| || u aIBRD(08)WP aBellier, Michel10aPrivate participation in infrastructure in China aissues and recommendations for the road, water, and power sectors aWashington, D.C.bWorld Bankc2003 a0.00